| 000 | 00465nam a2200181Ia 4500 | ||
|---|---|---|---|
| 001 | 24346 | ||
| 003 | IN-NITTTR | ||
| 005 | 20251114233312.0 | ||
| 008 | 251113s9999||||xx |||||||||||||| ||eng|| | ||
| 040 | _beng | ||
| 040 | _cIN-NITTTR | ||
| 041 | _aeng | ||
| 082 | _a355.1342 I2M R | ||
| 100 | _aIndia. Army Western Command (Chandimandir), | ||
| 245 | 0 |
_aMedal gallery. / _cIndia. Army Western Command (Chandimandir) |
|
| 260 | _aChandimandir | ||
| 942 |
_2ddc _cBK |
||
| 999 |
_c26975 _d26975 |
||